00402nam a2200145 a 450000100100000000500170001000800410002702000180006804000250008608200150011110000170012624500480014326000350019130000300022600004536120240307183156.0150305s2014 dr a 000 0 spa d a9789945896411 aDO-SdBNPbspacBNPHU axxxxbxxxx1 aCabral, Euri10aAgenda para sembrar valores /cEuri Cabral. aSanto Domingo :bIanna,c2014. a[298] p. :bil. ;c23 cm.